Konjunktur- und Wachstumspolitik in der offenen Wirtschaft allgemeine Wirtschaftspolitik
Gespeichert in:
| 1. Verfasser: | |
|---|---|
| Format: | Buch |
| Sprache: | Deutsch |
| Veröffentlicht: |
Wiesbaden
Gabler
1977
|
| Schlagworte: | |
| Tags: |
Keine Tags, Fügen Sie das erste Tag hinzu!
|
MARC
| LEADER | 00000nam a2200000 4500 | ||
|---|---|---|---|
| 001 | c000024 | ||
| 005 | 20221220103240.1 | ||
| 020 | |a 3-409-60232-1 | ||
| 041 | 0 | |a ger | |
| 044 | |a DE | ||
| 245 | 1 | 0 | |a Konjunktur- und Wachstumspolitik in der offenen Wirtschaft |b allgemeine Wirtschaftspolitik |c Herbert Giersch |
| 264 | 1 | |a Wiesbaden |b Gabler |c 1977 | |
| 300 | |a 360 s. | ||
| 610 | 2 | 0 | |a rast hospodársky |
| 610 | 2 | 0 | |a konjunktúra hospodárska |
| 610 | 2 | 0 | |a pojmy |
| 610 | 2 | 0 | |a politika hospodárska |
| 100 | 1 | |a Giersch, Herbert | |